=LDR 00000nam 2200000 4500 =001 INLIS000000000045793 =005 20251211103259 =035 ##$$a 0010-021500000000353 =008 251211###########################0#ind## =040 ##$$a NBPDMAT =082 ##$$a 597.903 =090 ##$$a 597.903 $b Suc e =100 ##$$a Sucipto =245 1#$$a Ensiklopedia Ilmu Pengetahuan dan Teknologi Reptil dan Ampfibi /$c Sucipto =260 ##$$a [s l] :$b Uranus Publishing,$c 2009 =300 ##$$a 56 hlm : $b Ilus ; $c 23 cm =650 #4$$a Reptil - Ensiklopedia =850 ##$$a NBPDMAT =020 ##$$a 978-602-8627-73-2 =084 ##$$a 597.903 SUC e =990 ##$$a 21420817 =990 ##$$a 21420818 =990 ##$$a 21420819 =990 ##$$a 21420820 =990 ##$$a 21420821 =990 ##$$a 21602041/BPAP-NTB/2017 =990 ##$$a 21420817 =990 ##$$a 21420818 =990 ##$$a 21420819 =990 ##$$a 21420820 =990 ##$$a 21420821 =990 ##$$a 21602041/BPAP-NTB/2017